| 000 | 00852 a2200205 4500 | ||
|---|---|---|---|
| 003 | NUST | ||
| 005 | 20230530125800.0 | ||
| 010 | _a 98084507 | ||
| 020 | _a8176351369 | ||
| 040 | _cNust | ||
| 082 | 0 | 0 | _a005.133,WIL |
| 100 | 1 | _aWilliams, Mickey. | |
| 245 | 1 | 0 |
_aSams teach yourself Visual C++ 6 in 24 hours / _cMickey Williams |
| 246 | 3 | 0 | _aTeach yourself Visual C++ 6 in 24 hours |
| 260 |
_aIndianapolis, Ind. : _bSams, _cc1998. |
||
| 300 |
_axvii, 439 p. : _bill. ; _c24 cm. |
||
| 505 | _aPart-1: Getting Started with Visual C++ 6 (Page-3), Part-2: Dialog Boxes and Basic Controls (Page-53), Part-3: Windows and MFC Architecture (Page-121), Part-4: The Graphics Interface (Page-175),Part-5: Common Controls (Page-247), Part-6: Advanced MFC Programming (Page-321). | ||
| 650 | 0 | _aC++ (Computer program language) | |
| 942 |
_2ddc _cBK _k005.133,WIL |
||
| 999 |
_c180035 _d180035 |
||